000 00683nam a2200277Ia 4500
005 20260320195821.0
008 008 262003s9999 xx 000 0 hin d
020 _a9788126730537
037 _aEBOOK
040 _aCRL
040 _bhin
040 _cCRL
041 _2hin
041 _ahin
084 _qCRL
100 _aपीयूष मिश्रा
_91132994
245 0 _aगगन दमामा बाज्यो
250 _a4th
260 _bRajkamal
260 _c2017
300 _a128
856 _uhttps://ebook.indiaread.in/pdfs/Gagan_damama_dajyo_by_Piyush_Mishra.pdf
942 _cEBOOK
999 _c1716666
_d1716666